[Event "2024 North Island Championships"]
[Site "Wellington NZL"]
[Date "2024.04.01"]
[Round "7.17"]
[White "Brockway, Andrew"]
[Black "Xu, Luna Yuexiu"]
[Result "1-0"]
[WhiteElo "1698"]
[BlackElo "1753"]
[WhiteFideId "4301340"]
[BlackFideId "4317360"]
[PlyCount "0"]
[EventDate "2024.03.29"]
[SourceDate ""]

1. e4 c5 2. Nc3 Nc6 3. f4 e6 4. Nf3 d6 5. Bb5 Be7 6. Bxc6+ bxc6 7. O-O Nf6 8.
d3 O-O 9. e5 Nd5 10. exd6 Bxd6 11. Ne5 Bxe5 12. fxe5 Nb6 13. Be3 Nd7 14. Qe1
Qc7 15. Bf4 Ba6 16. b3 Qb6 17. Na4 Qb4 18. c3 Qb5 19. c4 Qb8 20. Rf3 Qd8 21.
Qe4 Bb7 22. Rh3 f5 23. exf6 Nxf6 24. Qxe6+ Kh8 25. Qd6 Nd7 26. Qg6 Nf6 27. Be5
Bc8 28. Rxh7+ Nxh7 29. Qxg7# 1-0

[Event "2024 North Island Championships"]
[Site "Wellington NZL"]
[Date "2024.04.01"]
[Round "7.22"]
[White "Meng, Harrison Xiang Zhi"]
[Black "Gunawan, Geoffrey"]
[Result "0-1"]
[WhiteElo "1524"]
[BlackElo "1725"]
[WhiteFideId "4317750"]
[BlackFideId "4311450"]
[PlyCount "0"]
[EventDate "2024.03.29"]
[SourceDate ""]

1. d4 d5 2. Bf4 Nf6 3. Nf3 Bf5 4. e3 e6 5. Bd3 Bg6 6. a3 Nbd7 7. Bxg6 hxg6 8.
h3 c5 9. c3 Qb6 10. Qc2 Be7 11. Nbd2 cxd4 12. cxd4 O-O 13. b4 Rac8 14. Qd3 a5
15. bxa5 Qxa5 16. O-O Rc3 17. Qe2 Ra8 18. Rfb1 Rxa3 19. Rxa3 Qxa3 20. Rxb7 Qc1+
21. Nf1 Rc8 22. Ne5 Rc2 23. Qb5 Ne4 24. Rxd7 Rxf2 25. Ng4 Rb2 26. Qa6 Qc2 27.
Nd2 Qxd2 28. Qf1 Qc2 29. Rc7 Nc3 30. Kh2 Bb4 31. Bd6 Bxd6+ 32. Ne5 Bxc7 33.
Qxf7+ Kh7 34. Kg3 Qxg2+ 35. Kh4 Bd8+ 36. Qe7 Bxe7# 0-1

[Event "2024 North Island Championships"]
[Site "Wellington NZL"]
[Date "2024.04.01"]
[Round "7.23"]
[White "Yang, Edison J"]
[Black "Ashe, Michael"]
[Result "1/2-1/2"]
[WhiteElo "1552"]
[BlackElo "1678"]
[WhiteFideId "4317432"]
[BlackFideId "4310462"]
[PlyCount "0"]
[EventDate "2024.03.29"]
[SourceDate ""]

1. d4 Nf6 2. Bg5 e6 3. e4 h6 4. Bxf6 Qxf6 5. Nc3 Bb4 6. Qd2 O-O 7. g3 e5 8. d5
d6 9. Bg2 a6 10. Nge2 Bg4 11. O-O Bf3 12. Qd3 Bxg2 13. Kxg2 Nd7 14. f4 Qe7 15.
Qf3 f5 16. exf5 Rxf5 17. Qg4 Rff8 18. fxe5 Bc5 19. e6 Ne5 20. Qe4 c6 21. Nf4 g5
22. Ng6 Nxg6 23. Qxg6+ Qg7 24. Qe4 Qe7 25. Qg6+ Qg7 26. Qe4 1/2-1/2

[Event "2024 North Island Championships"]
[Site "Wellington NZL"]
[Date "2024.04.01"]
[Round "7.25"]
[White "Keith, Matthew"]
[Black "Wen, Sandy"]
[Result "1-0"]
[WhiteElo "1791"]
[BlackElo "1484"]
[WhiteFideId "4320913"]
[BlackFideId "4317890"]
[PlyCount "0"]
[EventDate "2024.03.29"]
[SourceDate ""]

1. e4 c5 2. Nf3 d6 3. d4 cxd4 4. Nxd4 g6 5. Nc3 Bg7 6. Be3 a6 7. Qd2 Nd7 8. Bc4
Ngf6 9. f3 h5 10. O-O-O Qc7 11. Bb3 Nc5 12. Nd5 Nxb3+ 13. Nxb3 Nxd5 14. exd5
Bd7 15. Bd4 Bxd4 16. Qxd4 O-O 17. g4 hxg4 18. fxg4 Rac8 19. Rd2 Qc4 20. Qe3
Bxg4 21. c3 Qc7 22. Rd4 f5 23. Rg1 Qd7 24. h3 Bh5 25. Rh4 Kf7 26. Nd4 Ke8 27.
Ne6 Rf7 28. Rxh5 Qa4 29. Rh8+ Kd7 30. Rxc8 Kxc8 31. Rxg6 Qxa2 32. Rg8+ Kd7 33.
Rd8# 1-0

[Event "2024 North Island Championships"]
[Site "Wellington NZL"]
[Date "2024.04.01"]
[Round "7.28"]
[White "Lieser, Joshua"]
[Black "Bolster, Caolan"]
[Result "1-0"]
[WhiteElo "1394"]
[BlackElo "1640"]
[WhiteFideId "0"]
[BlackFideId "4319435"]
[PlyCount "0"]
[EventDate "2024.03.29"]
[SourceDate ""]

1. e4 e5 2. Nf3 Nc6 3. Bc4 Nf6 4. Ng5 d5 5. exd5 Nd4 6. c3 b5 7. cxd4 bxc4 8.
dxe5 Nxd5 9. Qa4+ Bd7 10. Qxc4 c6 11. d4 Bb4+ 12. Nc3 h6 13. Ne4 O-O 14. O-O
Be6 15. Nxd5 Bxd5 16. Qxb4 Bxe4 17. Be3 f5 18. f3 Bd5 19. Qd2 Rb8 20. b3 Qh4
21. Bf2 Qh5 22. Bg3 g5 23. f4 g4 24. Qa5 Rb7 25. Rac1 Qg6 26. Bh4 Qh5 27. g3
Qf7 28. Qa4 Bf3 29. Rxf3 gxf3 30. Qc4 Qd5 31. Qxd5+ cxd5 32. Rc5 Rd7 33. Kf2
Kf7 34. Kxf3 Rb8 35. h3 Rb4 36. Ke3 h5 37. Rc6 Rb6 38. e6+ 1-0

[Event "2024 North Island Championships"]
[Site "Wellington NZL"]
[Date "2024.04.01"]
[Round "8.1"]
[White "Ker, Anthony F"]
[Black "Loke, Kayden"]
[Result "1-0"]
[WhiteElo "2217"]
[BlackElo "1867"]
[WhiteFideId "4300084"]
[BlackFideId "4313186"]

1. e4 d6 2. d4 g6 3. Nc3 Bg7 4. Be3 Nd7 5. Qd2 b6 6. O-O-O Bb7 7. h4 c6 8. h5
Qc7 9. g4 O-O-O 10. Nge2 e6 11. Bg2 Ne7 12. Ng3 a6 13. Kb1 c5 14. d5 exd5 15.
exd5 Ne5 16. Qe2 b5 17. h6 Bf8 18. Bg5 Nc4 19. Bf6 Rg8 20. Nce4 Nxd5 21. Bxd8
Qxd8 22. Nxd6+ Bxd6 23. Bxd5 Bxd5 24. Rxd5 Re8 25. Ne4 Kb8 26. Qd3 Rxe4 27.
Qxe4 Qf6 28. c3 Qxf2 29. Qc2 Qxc2+ 30. Kxc2 Ne3+ 31. Kb1 Nxd5 32. Rd1 Kc7 33.
Rxd5 Bf8 34. Kc2 Kc6 35. Rd8 Bxh6 36. Rh8 f5 37. Rxh7 Be3 38. Rg7 fxg4 39.
Rxg6+ Kb7 40. Rxg4 Kb6 41. Rg6+ Ka5 42. b3 b4 43. c4 Bd4 44. Kd3 Ba1 45. Ke4
Bf6 46. Kd5 Be7 47. Kc6 Bd8 48. Kb7 Bb6 49. Rc6 1-0

[Event "2024 North Island Championships"]
[Site "Wellington NZL"]
[Date "2024.04.01"]
[Round "8.2"]
[White "Croad, Nicolas"]
[Black "Chang, Luke"]
[Result "1/2-1/2"]
[WhiteElo "2209"]
[BlackElo "1866"]
[WhiteFideId "4300793"]
[BlackFideId "4325605"]

1. d4 d5 2. c4 e6 3. Nc3 Nf6 4. cxd5 exd5 5. Bg5 Be7 6. e3 c6 7. Bd3 O-O 8. Qc2
Nbd7 9. Nge2 Re8 10. O-O a6 11. Rad1 h6 12. Bf4 Nf8 13. f3 Bd6 14. Bxd6 Qxd6
15. e4 dxe4 16. fxe4 Ng4 17. e5 Qd8 18. Qd2 Qg5 19. Nf4 c5 20. Ne4 Qd8 21. Nd6
cxd4 22. Nxe8 Qxe8 23. Rde1 Ne3 24. Rxe3 dxe3 25. Qxe3 Bd7 26. Nd5 Rd8 27. Bc4
Be6 28. Nc7 Qe7 29. Nxe6 Nxe6 30. h3 Rd7 31. Re1 Qc5 32. Qxc5 Nxc5 33. e6 Nxe6
34. Bxe6 fxe6 35. Rxe6 Rd2 36. Rb6 Rd7 37. Kf2 Kf7 38. Ke3 Ke7 39. h4 Rc7 40.
g4 Rd7 41. Ke4 Kf7 42. a4 Ke7 43. g5 hxg5 44. hxg5 Kf7 45. Ke5 g6 46. Rf6+ Kg7
47. Rd6 Re7+ 48. Kd5 Kf7 49. b4 Rc7 50. b5 axb5 51. axb5 Re7 52. Kc5 Re5+ 53.
Rd5 Rxd5+ 54. Kxd5 Ke7 55. Kc5 Kd7 56. Kb6 Kc8 57. Kc5 Kd7 58. Kd5 b6 59. Ke5
Ke7 60. Kd5 Kd7 61. Ke5 Ke7 62. Kd5 Kd7 63. Ke5 1/2-1/2

[Event "2024 North Island Championships"]
[Site "Wellington NZL"]
[Date "2024.04.01"]
[Round "8.3"]
[White "Dive, Russell J"]
[Black "Van der Hoorn, Thomas"]
[Result "1-0"]
[WhiteElo "2192"]
[BlackElo "1874"]
[WhiteFideId "4300106"]
[BlackFideId "4314565"]

1. Nf3 d5 2. g3 Nf6 3. Bg2 e6 4. O-O Be7 5. c4 O-O 6. b3 b6 7. Bb2 Bb7 8. d3 c5
9. Nbd2 Nc6 10. Qc2 Qc7 11. a3 Rfd8 12. Rac1 Rac8 13. Qb1 Qb8 14. Qa1 d4 15.
Rce1 Rd7 16. h4 Rcd8 17. Bh3 h6 18. Bc1 Bd6 19. Ne4 Nxe4 20. dxe4 Ne5 21. Nd2
Nc6 22. f4 Na5 23. Qb1 Be7 24. Qd3 Rc7 25. Kh2 Ba6 26. e5 b5 27. f5 bxc4 28.
bxc4 exf5 29. Qxf5 Bf8 30. e6 Nxc4 31. exf7+ Kh8 32. Ne4 Bc8 33. Qh5 Bxh3 34.
Bxh6 gxh6 35. Qg6 Bg7 36. Nf6 Bxf6 37. Qxh6# 1-0

[Event "2024 North Island Championships"]
[Site "Wellington NZL"]
[Date "2024.04.01"]
[Round "8.4"]
[White "Thurner, Anya"]
[Black "Winter, Ryan"]
[Result "1/2-1/2"]
[WhiteElo "1809"]
[BlackElo "2037"]
[WhiteFideId "4307780"]
[BlackFideId "4306295"]

1. e4 c6 2. d4 d5 3. Nc3 dxe4 4. Nxe4 Nd7 5. Nf3 Ngf6 6. Nxf6+ Nxf6 7. c3 Bg4
8. h3 Bxf3 9. Qxf3 e6 10. Bd3 Be7 11. Bf4 Qa5 12. O-O O-O 13. Qd1 Qd8 14. Qc2
g6 15. Rad1 Nd5 16. Bg3 Bd6 17. Bxd6 Qxd6 18. Be4 Nf6 19. Bf3 Rfd8 20. Rfe1 Rd7
21. Qb3 Rad8 22. Qc4 Kg7 23. Kh1 h5 24. Qe2 Qc7 25. Kg1 b6 26. Qc2 c5 27. dxc5
Qxc5 28. Rxd7 Rxd7 29. Rd1 Rxd1+ 30. Qxd1 e5 31. Qd3 Qe7 32. Bd1 Ne8 33. Bb3
Nd6 34. Qd5 e4 35. Kf1 h4 36. Ke1 1/2-1/2

[Event "2024 North Island Championships"]
[Site "Wellington NZL"]
[Date "2024.04.01"]
[Round "8.5"]
[White "Archer, Ollie"]
[Black "Winsley, Nicholas"]
[Result "1-0"]
[WhiteElo "2004"]
[BlackElo "1871"]
[WhiteFideId "4317262"]
[BlackFideId "4315146"]

1. d4 Nf6 2. c4 e6 3. Nf3 d5 4. Nc3 Bb4 5. Bg5 O-O 6. e3 h6 7. Bxf6 Qxf6 8. Rc1
b6 9. cxd5 exd5 10. Bd3 Nd7 11. O-O c6 12. a3 Bxc3 13. Rxc3 Bb7 14. b4 a5 15.
Qc2 axb4 16. axb4 Ra7 17. Bf5 Nb8 18. Ne5 g6 19. Bd7 Qd6 20. Bxc6 Qxb4 21. Rb1
Qa5 22. Bxb7 Rxb7 23. Rc7 Ra7 24. Rxa7 Qxa7 25. Qb3 1-0

[Event "2024 North Island Championships"]
[Site "Wellington NZL"]
[Date "2024.04.01"]
[Round "8.6"]
[White "Cummings, Nick"]
[Black "Wang, Justin Zhide"]
[Result "0-1"]
[WhiteElo "1899"]
[BlackElo "1825"]
[WhiteFideId "4301218"]
[BlackFideId "4312830"]

1. c4 e6 2. g3 Nf6 3. Bg2 Be7 4. Nf3 O-O 5. d4 b6 6. Ne5 d5 7. O-O Bb7 8. Nc3
c6 9. b3 Nbd7 10. Nxd7 Qxd7 11. cxd5 cxd5 12. Bb2 Rac8 13. Qd3 Bb4 14. Rac1 Bc6
15. f3 Rfd8 16. Rfd1 Qb7 17. Nb1 a6 18. Bc3 Bb5 19. Qd2 Be7 20. Bf1 a5 21. Kg2
h6 22. Qb2 Bd6 23. Bd2 Qb8 24. Rxc8 Rxc8 25. Rc1 Rd8 26. e3 Bxf1+ 27. Rxf1 Nh5
28. Kf2 Bxg3+ 29. Ke2 Bxh2 30. Kd3 Qg3 31. Be1 Qh3 32. Qe2 Rc8 33. Nc3 Nf4+ 34.
exf4 Qf5+ 35. Ke3 Qxf4+ 36. Kd3 Qf5+ 37. Ke3 Bf4+ 38. Kf2 Qh3 39. Rg1 Qh2+ 40.
Kf1 Qh5 41. Qg2 g6 42. Qg4 Qxg4 43. Rxg4 g5 44. Ke2 f5 45. Rg1 Kf7 46. Kd3 Kf6
47. Bg3 Bxg3 48. Rxg3 h5 49. f4 g4 50. Rg1 h4 51. Ne2 b5 52. Rc1 Rg8 53. Rh1 h3
54. Ke3 Rc8 55. Kd3 b4 56. Rh2 Kg6 57. Rh1 Kh5 58. Kd2 Kh4 59. Ng1 Rc3 60. Ne2
Rc8 61. Ng1 Rc7 62. Kd1 Rc3 63. Kd2 Rg3 64. Ne2 Rg2 65. Rc1 g3 66. Rc8 h2 67.
Ke3 Rxe2+ 68. Kxe2 g2 0-1

[Event "2024 North Island Championships"]
[Site "Wellington NZL"]
[Date "2024.04.01"]
[Round "8.7"]
[White "Gan, Emily Cathay"]
[Black "Langford, Joshua"]
[Result "1/2-1/2"]
[WhiteElo "1793"]
[BlackElo "1896"]
[WhiteFideId "4310608"]
[BlackFideId "4314557"]

1. c4 e6 2. Nc3 d5 3. d4 a6 4. cxd5 exd5 5. Nf3 c6 6. Bf4 Bd6 7. Bxd6 Qxd6 8.
e3 Ne7 9. Bd3 Bf5 10. Bxf5 Nxf5 11. Ne5 O-O 12. O-O f6 13. Nd3 Nd7 14. Na4 Nh4
15. Nf4 f5 16. Nc5 Nxc5 17. dxc5 Qe7 18. Rc1 g5 19. Nd3 Qe4 20. Ne1 Rae8 21.
Qd4 Qxd4 22. exd4 f4 23. Nc2 Nf5 24. Rfe1 Re4 25. f3 Ree8 26. Kf2 Kf7 27. Rxe8
Rxe8 28. Re1 Rxe1 29. Kxe1 Ke6 30. Ke2 a5 31. b3 Kd7 32. a3 Kc7 33. Kf2 b6 34.
b4 axb4 35. axb4 bxc5 36. bxc5 Kb7 37. g4 Ng7 38. Ke2 Ka6 39. Kd3 Kb5 40. Kc3
Ne6 41. Na3+ Ka4 42. Nc2 Nc7 43. Ne1 Nb5+ 44. Kd3 Kb3 45. Ng2 Kb2 46. h4 h6 47.
hxg5 hxg5 48. Ne1 Na3 49. Kd2 Nc4+ 50. Kd3 Ne3 51. Kd2 Nc4+ 52. Kd3 Kb3 53. Ng2
Kb4 54. Kc2 Na3+ 55. Kd3 Nb5 56. Ne1 Ka3 57. Nc2+ Kb3 58. Ne1 Na3 59. Ke2 Kc3
60. Nd3 Kxd4 61. Nf2 Kxc5 62. Nh3 Kd4 63. Nxg5 Ke5 64. Kd3 Nc4 65. Nf7+ Kf6 66.
Nd8 c5 67. Nb7 Ne5+ 68. Ke2 Nd7 69. Kd3 Ke5 70. Kc3 Kf6 71. Kd3 Kg5 72. Nd8 Kh4
73. Ne6 Kg3 74. Ke2 c4 75. g5 Ne5 76. Nf8 d4 77. g6 d3+ 78. Kd2 Nxg6 79. Nxg6
Kxf3 80. Ne5+ Kg2 81. Nxc4 f3 82. Kxd3 f2 83. Nd2 f1=B+ 1/2-1/2

[Event "2024 North Island Championships"]
[Site "Wellington NZL"]
[Date "2024.04.01"]
[Round "8.8"]
[White "Barry, Jacob"]
[Black "Young, Cohen"]
[Result "0-1"]
[WhiteElo "1582"]
[BlackElo "1914"]
[WhiteFideId "4304462"]
[BlackFideId "4317440"]

1. Nf3 c5 2. e4 d6 3. d4 cxd4 4. Nxd4 Nf6 5. Nc3 Nc6 6. Nf3 g6 7. Bb5 Bd7 8.
O-O Qc7 9. Nd5 Nxd5 10. exd5 Ne5 11. Bxd7+ Nxd7 12. Re1 Nf6 13. Qd4 Bg7 14. Bh6
O-O 15. Bxg7 Kxg7 16. c4 Rfc8 17. b3 a5 18. Rac1 b5 19. h3 bxc4 20. bxc4 Qa7
21. Qd2 Rc5 22. Qe2 Rc7 23. Nd2 Rac8 24. Qf3 Nd7 25. Qe2 Nb6 26. Qe4 Qa6 27.
Red1 Kf8 28. Qd4 f6 29. Qh4 Kg7 30. Qe4 Kf8 31. Qh4 Kg8 32. Qe4 f5 33. Qe6+ Kg7
34. f4 Qa7 35. Kh1 Nxc4 36. Nf3 Qe3 37. Ng5 Ne5 38. Rxc7 Rxc7 39. Nf3 Qxf4 40.
Nd4 Rc1 41. Qxe7+ Kh6 42. Qf8+ Kh5 43. g4+ Kh4 44. Qf6+ Kg3 45. Ne2+ Kf2 46.
Qh4+ Kxe2 47. Qe1+ Kf3 48. Qf1+ Kg3 49. Qxf4+ Kxf4 50. Rxc1 fxg4 51. hxg4 Nxg4
52. Rc4+ Kf3 53. Ra4 Ne3 54. Rxa5 g5 55. Ra3 g4 56. Kg1 h5 57. Rb3 h4 58. a4 h3
59. Rxe3+ Kxe3 60. a5 h2+ 61. Kxh2 Kf2 62. a6 g3+ 63. Kh3 g2 64. a7 g1=Q 0-1

[Event "2024 North Island Championships"]
[Site "Wellington NZL"]
[Date "2024.04.01"]
[Round "8.15"]
[White "Campbell, Cazna"]
[Black "Ha, Timothy Huy Minh"]
[Result "0-1"]
[WhiteElo "1717"]
[BlackElo "1808"]
[WhiteFideId "4320808"]
[BlackFideId "12417246"]
[PlyCount "0"]
[EventDate "2024.03.29"]
[SourceDate ""]

1. c4 e6 2. e4 d5 3. exd5 exd5 4. cxd5 Nf6 5. Bb5+ Bd7 6. Bc4 Bd6 7. Nf3 Qe7+
8. Be2 Nxd5 9. O-O O-O 10. Nc3 Bc6 11. Nxd5 Bxd5 12. Re1 Qf6 13. d4 Bxf3 14.
Bxf3 c6 15. Qb3 Na6 16. Bd2 Rab8 17. Bc3 Qf4 18. Re5 Bxe5 19. dxe5 Nc5 20. Qc2
Rbd8 21. Re1 Nd3 22. Re4 Qc1+ 23. Qxc1 Nxc1 24. a3 Nb3 25. Rg4 g6 26. h4 Nd2
27. Be2 h5 28. Rf4 b5 29. g4 hxg4 30. Rxg4 Nb1 31. Bd4 Rfe8 32. b4 Rxd4 33.
Rxd4 Rxe5 34. Bf3 Nxa3 35. Bxc6 Nc2 36. Rd8+ Kg7 37. Rb8 Nxb4 38. Bxb5 a5 39.
Rb7 Kf6 40. Kg2 Re7 41. Rxe7 Kxe7 42. Kg3 Nd5 43. Bc4 Nc3 44. Kg4 a4 45. f4 Kf6
46. f5 gxf5+ 0-1

[Event "2024 North Island Championships"]
[Site "Wellington NZL"]
[Date "2024.04.01"]
[Round "8.17"]
[White "Wells, Clinton A"]
[Black "Sethuramalingam, Karthik"]
[Result "0-1"]
[WhiteElo "1765"]
[BlackElo "1672"]

1. c4 e5 2. Nc3 Bb4 3. g3 Bxc3 4. bxc3 d6 5. Bg2 Ne7 6. d3 O-O 7. Rb1 Nd7 8. e3
Rb8 9. Ne2 b6 10. O-O f5 11. f4 Bb7 12. Bxb7 Rxb7 13. fxe5 Nxe5 14. Nf4 Qd7 15.
Qe2 N7g6 16. d4 Nxf4 17. exf4 Ng4 18. c5 dxc5 19. dxc5 b5 20. Qg2 Rbb8 21. c6
Qd3 22. Ba3 Rfe8 23. Bc5 Re2 24. Qf3 Qxf3 25. Rxf3 Rxh2 26. a4 a6 27. Rd3 Rh6
28. Rd5 Rxc6 29. Rxf5 Nf6 30. Bd4 Ne4 31. axb5 axb5 32. Rbxb5 Rxb5 33. Rxb5
Nxc3 34. Rc5 Ne2+ 35. Kf2 Nxd4 0-1

[Event "2024 North Island Championships"]
[Site "Wellington NZL"]
[Date "2024.04.01"]
[Round "8.20"]
[White "Tan, Jin"]
[Black "Keith, Matthew"]
[Result "0-1"]
[WhiteElo "1567"]
[BlackElo "1791"]
[WhiteFideId "4320972"]
[BlackFideId "4320913"]
[PlyCount "0"]
[EventDate "2024.03.29"]
[SourceDate ""]

1. e4 c5 2. Nf3 d6 3. d4 cxd4 4. Nxd4 Nf6 5. Nc3 a6 6. Be3 Ng4 7. Qd2 Nxe3 8.
Qxe3 g6 9. Be2 Bg7 10. O-O Qb6 11. Rfd1 Nc6 12. Nd5 Qd8 13. Nxc6 bxc6 14. Nc3
O-O 15. Rab1 Rb8 16. Bc4 Qb6 17. Qxb6 Rxb6 18. Na4 Rb8 19. b3 Bg4 20. f3 Be6
21. Bxe6 fxe6 22. c3 Rb7 23. Rd3 Rfb8 24. c4 c5 25. Nc3 Bd4+ 26. Kf1 Rb4 27.
Rbd1 Be5 28. g3 Kf7 29. f4 Bxc3 30. Rxc3 a5 31. Rdd3 a4 32. Ke2 Kf6 33. Kf3 e5
34. h4 axb3 35. Rxb3 Rxb3 36. Rxb3 Rxb3+ 37. axb3 h6 38. Ke3 exf4+ 39. gxf4 g5
40. hxg5+ hxg5 41. Kf3 gxf4 42. Kxf4 Ke6 43. Kf3 Ke5 44. Ke3 e6 45. Kf3 Kd4 46.
Kf4 Kc3 47. e5 dxe5+ 48. Kxe5 Kxb3 49. Kxe6 Kxc4 50. Ke5 Kd3 51. Kd5 c4 52. Ke5
c3 0-1

[Event "2024 North Island Championships"]
[Site "Wellington NZL"]
[Date "2024.04.01"]
[Round "8.22"]
[White "Nazeer, Afique M"]
[Black "Malcolm, Aidan"]
[Result "0-1"]
[WhiteElo "1572"]
[BlackElo "1744"]
[WhiteFideId "9970703"]
[BlackFideId "4315073"]
[PlyCount "0"]
[EventDate "2024.03.29"]
[SourceDate ""]

1. d4 d5 2. c4 e6 3. Nf3 c6 4. cxd5 exd5 5. a3 Bd6 6. Nc3 Bf5 7. g3 Ne7 8. Bg2
Qd7 9. O-O h5 10. Nh4 Bh3 11. e4 f6 12. Re1 Bxg2 13. Nxg2 Na6 14. exd5 O-O-O
15. dxc6 Nxc6 16. Be3 Kb8 17. b4 Ne7 18. Ne4 Nd5 19. Nc5 Bxc5 20. dxc5 Qh3 21.
Qf3 g5 22. Rad1 Nac7 23. Rd4 h4 24. Qg4 hxg3 25. Qxg3 Qh5 26. Red1 Kc8 27. h4
gxh4 28. Qh3+ Kb8 29. Bf4 Rhg8 30. Bxc7+ Kxc7 31. Kh1 Qg5 32. Ne3 Nxe3 33. Rd7+
Rxd7 34. Rxd7+ Kb8 35. Qh2+ Ka8 36. fxe3 Qf5 37. Qg2 Qb1+ 38. Kh2 Rxg2+ 39.
Kxg2 Kb8 0-1

[Event "2024 North Island Championships"]
[Site "Wellington NZL"]
[Date "2024.04.01"]
[Round "8.23"]
[White "Lu, Xiahan (Luna)"]
[Black "Yang, Edison J"]
[Result "1-0"]
[WhiteElo "1736"]
[BlackElo "1552"]
[WhiteFideId "4317076"]
[BlackFideId "4317432"]
[PlyCount "0"]
[EventDate "2024.03.29"]
[SourceDate ""]

1. d4 d5 2. c4 e6 3. Nc3 Nf6 4. Bg5 Nbd7 5. e3 c6 6. Nf3 Qa5 7. Nd2 Bb4 8. Qc2
O-O 9. Be2 dxc4 10. Bxf6 Nxf6 11. Nxc4 Qc7 12. O-O b5 13. Ne5 Bb7 14. Nxb5 Qb6
15. Nc3 c5 16. Na4 Qc7 17. a3 Ba5 18. Nxc5 Bb6 19. b4 Ne4 20. Bd3 Bxc5 21. bxc5
Ng5 22. h4 f6 23. Nc4 Qc6 24. f3 Nf7 25. Bxh7+ Kh8 26. Na5 Qa6 27. Nxb7 1-0

[Event "2024 North Island Championships"]
[Site "Wellington NZL"]
[Date "2024.04.01"]
[Round "8.24"]
[White "Ashe, Michael"]
[Black "Grant, Elliot James"]
[Result "1/2-1/2"]
[WhiteElo "1678"]
[BlackElo "1537"]
[WhiteFideId "4310462"]
[BlackFideId "4313550"]
[PlyCount "0"]
[EventDate "2024.03.29"]
[SourceDate ""]

1. d4 Nf6 2. c4 e6 3. Nc3 Bb4 4. f3 d5 5. a3 Bxc3+ 6. bxc3 c5 7. cxd5 exd5 8.
e3 cxd4 9. cxd4 O-O 10. Bd3 Re8 11. Ne2 Nc6 12. O-O Ne7 13. Re1 Bf5 14. Bxf5
Nxf5 15. Qd3 Ne7 16. Bd2 b6 17. a4 a5 18. Nc3 Ng6 19. Nb5 Rc8 20. Rec1 Qd7 21.
Be1 Rxc1 22. Rxc1 Rc8 23. Rxc8+ Qxc8 24. Qc3 Qxc3 25. Bxc3 Kf8 26. Be1 Nd7 27.
Bg3 Ne7 28. Bd6 Ke8 29. Bxe7 1/2-1/2

[Event "2024 North Island Championships"]
[Site "Wellington NZL"]
[Date "2024.04.01"]
[Round "8.29"]
[White "Le, Long Minh"]
[Black "Qu, Lucas"]
[Result "0-1"]
[WhiteElo "946"]
[BlackElo "1633"]
[WhiteFideId "4320930"]
[BlackFideId "4314620"]
[PlyCount "0"]
[EventDate "2024.03.29"]
[SourceDate ""]

1. e4 e5 2. Nf3 Nc6 3. Bc4 Bc5 4. O-O Nf6 5. Nc3 d6 6. d3 Bd7 7. h3 Qe7 8. Bg5
h6 9. Bxf6 Qxf6 10. Nd5 Qd8 11. c3 Ne7 12. d4 exd4 13. cxd4 Bb6 14. Nc3 c6 15.
d5 O-O 16. Re1 Ng6 17. e5 dxe5 18. Nxe5 Nxe5 19. Rxe5 Qf6 20. Re1 Qg6 21. Qf3
Rad8 22. Bd3 Qd6 23. Qe4 f5 24. Qc4 Kh8 25. Rad1 Be8 26. dxc6 Bxc6 27. Bxf5 Qf6
28. Rxd8 Rxd8 29. Qf4 g6 30. Qe5 Qxe5 31. Rxe5 gxf5 32. Rxf5 Rd2 33. a3 Rxb2
34. Rh5 Rxf2 35. Rxh6+ Kg7 36. Rh4 Rxg2+ 37. Kf1 Rg3 38. Ne2 Rf3+ 39. Ke1 Bf2+
40. Kd2 Bxh4 41. Nd4 Rxh3 42. Ne6+ Kf6 43. Nf4 Bg5 0-1

[Event "2024 North Island Championships"]
[Site "Wellington NZL"]
[Date "2024.04.01"]
[Round "8.30"]
[White "Barnes, Joshua"]
[Black "Hara, Koki"]
[Result "1-0"]
[WhiteElo "1565"]
[BlackElo "983"]
[WhiteFideId "4321502"]
[BlackFideId "4313305"]
[PlyCount "0"]
[EventDate "2024.03.29"]
[SourceDate ""]

1. e4 c5 2. Nc3 Nc6 3. Nf3 g6 4. d4 cxd4 5. Nxd4 Bg7 6. Be3 e5 7. Nb3 Nf6 8.
Qd2 d6 9. O-O-O Be6 10. Qxd6 Qxd6 11. Rxd6 O-O 12. Nc5 Rfb8 13. Nxe6 fxe6 14.
Bb5 Nd8 15. f3 a6 16. Bc4 Bf8 17. Rd2 b5 18. Bb3 a5 19. a3 b4 20. axb4 axb4 21.
Na2 Nc6 22. Kb1 Kf7 23. Rhd1 Be7 24. Bg5 Nd4 25. Nc1 Rb7 26. Ba2 Ng8 27. Be3
Bc5 28. f4 exf4 29. Bxd4 Bxd4 30. Rxd4 Raa7 31. Ne2 g5 32. h4 h6 33. Rd6 Re7
34. Rxe6 Rxe6 35. Rd6 Re7 36. Nd4 Ke8 37. Rxe6 Rxe6 38. Bxe6 gxh4 39. Nf3 Nf6
40. e5 Ne4 41. Nxh4 Ng5 42. Bg4 Nf7 43. Ng6 f3 44. Bxf3 Kd7 45. Bg4+ Kc6 46.
Be6 Ng5 47. Bg8 Ne4 48. e6 Nd6 49. Nf8 Nf5 50. Ka2 Nd6 51. Kb3 Kb5 52. Bf7 Nxf7
53. exf7 1-0

[Event "2024 North Island Championships"]
[Site "Wellington NZL"]
[Date "2024.04.01"]
[Round "8.38"]
[White "Miriyala, Sreenikesh"]
[Black "Kierstead, James"]
[Result "1-0"]
[WhiteElo "745"]
[BlackElo "1155"]
[WhiteFideId "4325532"]
[BlackFideId "4315065"]
[PlyCount "0"]
[EventDate "2024.03.29"]
[SourceDate ""]

1. e4 a6 2. d4 b5 3. g3 e6 4. Bg2 Nc6 5. Nf3 Bb7 6. a3 Nf6 7. e5 Nd5 8. b3 Na5
9. Bd2 c5 10. dxc5 Bxc5 11. b4 Qb6 12. bxc5 Qxc5 13. Bxa5 b4 14. axb4 Qc4 15.
Qd4 Qxc2 16. O-O Rc8 17. Nbd2 Nc3 18. Qa7 Bxf3 19. Nxf3 Ne2+ 20. Kh1 Qc4 21.
Rfe1 O-O 22. Bf1 Nxg3+ 23. fxg3 Qd5 24. Bg2 Rc2 25. Qxa6 Ra8 26. Qd6 Qb7 27.
Rg1 Rac8 28. Nd4 Qxg2+ 29. Rxg2 Rc1+ 30. Rxc1 Rxc1+ 31. Rg1 1-0